ARRUPE JESUIT UNIVERSITY

CORONAVIRUS -STOP THE SPREAD - CLEAN,DISINFECT,COVER

Food policy and agriculture in southern Africa / (Record no. 125551)

MARC details
000 -LEADER
fixed length control field 01485nam a2200361 a 4500
001 - CONTROL NUMBER
control field 4902257
003 - CONTROL NUMBER IDENTIFIER
control field ARRUPE
005 - DATE AND TIME OF LATEST TRANSACTION
control field 20161020114333.0
008 - FIXED-LENGTH DATA ELEMENTS--GENERAL INFORMATION
fixed length control field 940429s1993 rh a b 101 0 eng
010 ## - LIBRARY OF CONGRESS CONTROL NUMBER
LC control number 93849432
020 ## - INTERNATIONAL STANDARD BOOK NUMBER
International Standard Book Number 0797412255
040 ## - CATALOGING SOURCE
Original cataloging agency DLC
Transcribing agency DLC
042 ## - AUTHENTICATION CODE
Authentication code lcode
043 ## - GEOGRAPHIC AREA CODE
Geographic area code fs-----
050 00 - LIBRARY OF CONGRESS CALL NUMBER
Classification number HD2130.Z8
Item number F66 1993
300 ## - PHYSICAL DESCRIPTION
Other physical details ill. ;
Dimensions 21 cm.
245 00 - TITLE STATEMENT
Title Food policy and agriculture in southern Africa /
Statement of responsibility, etc edited by Richard Mkandawire and Khabele Matlosa
260 ## - PUBLICATION, DISTRIBUTION, ETC. (IMPRINT)
Place of publication, distribution, etc Harare :
Name of publisher, distributor, etc SAPES Books,
Date of publication, distribution, etc 1993.
300 ## - PHYSICAL DESCRIPTION
Extent x, 250 p. :
440 #0 - SERIES STATEMENT/ADDED ENTRY--TITLE
Title Regional cooperation series
9 (RLIN) 26877
500 ## - GENERAL NOTE
General note "The papers were presented at the Gaborone Conference, October 8-11 1991, on Regional Cooperation and Integration"--Acknowledgements.
500 ## - GENERAL NOTE
General note "SAPES Trust"--P. [4] of cover.
504 ## - BIBLIOGRAPHY, ETC. NOTE
Bibliography, etc Includes bibliographical references and indexes.
650 #0 - SUBJECT ADDED ENTRY--TOPICAL TERM
Topical term or geographic name as entry element Agriculture and state
Geographic subdivision Africa, Southern
General subdivision Congresses.
9 (RLIN) 26878
650 #0 - SUBJECT ADDED ENTRY--TOPICAL TERM
Topical term or geographic name as entry element Food supply
General subdivision Government policy
Geographic subdivision Africa, Southern
General subdivision Congresses.
9 (RLIN) 26879
650 #0 - SUBJECT ADDED ENTRY--TOPICAL TERM
Topical term or geographic name as entry element African cooperation
General subdivision Congresses.
9 (RLIN) 26880
700 1# - ADDED ENTRY--PERSONAL NAME
Personal name Mkandawire, Richard.
Relator code ed.
9 (RLIN) 26881
700 1# - ADDED ENTRY--PERSONAL NAME
Personal name Matlosa, Khabele
Relator code ed.
9 (RLIN) 26882
710 2# - ADDED ENTRY--CORPORATE NAME
Corporate name or jurisdiction name as entry element SAPES Trust.
9 (RLIN) 23049
711 2# - ADDED ENTRY--MEETING NAME
Meeting name or jurisdiction name as entry element Conference on Regional Cooperation and Integration
Date of meeting (1991 :
Location of meeting Gaborone, Botswana)
9 (RLIN) 26883
906 ## - LOCAL DATA ELEMENT F, LDF (RLIN)
a 7
b cbc
c origode
d 3
e ncip
f 19
g y-gencatlg
942 ## - ADDED ENTRY ELEMENTS (KOHA)
Source of classification or shelving scheme Library of Congress Classification
Koha item type Monograph ( Printed materials)
Holdings
Withdrawn status Lost status Source of classification or shelving scheme Damaged status Not for loan Collection code Home library Current library Shelving location Date acquired Total Checkouts Full call number Barcode Date last seen Date checked out Copy number Price effective from Koha item type
    Library of Congress Classification     Main Collection ARRUPE LIBRARY ARRUPE LIBRARY Main Collection 20/10/2016 1 HD2130.Z8 F66 1993 46500010543 08/05/2018 24/02/2017 2 20/10/2016 Monograph ( Printed materials)

 

Arrupe Library. PO Box MP320 Mt Pleasant, Harare, Zimbabwe
263 242 745411|librarian@aju.ac.zw